Play dirty (Record no. 33620)

MARC details
000 -LEADER
fixed length control field 00414nam a2200181Ia 4500
020 ## - INTERNATIONAL STANDARD BOOK NUMBER
ISBN 978-1-4165-22-33-8
050 ## - CALL MARK
Classification number PS 3552 .R718 P55/
100 ## - STATEMENT OF RESPONSIBILITY--MAIN AUTHOR NAME
Personal name Brown, Sandra, 1948-
245 #0 - TITLE STATEMENT
Title Play dirty
260 ## - PUBLICATION, DISTRIBUTION, ETC. (IMPRINT)
Place of publication New York
260 ## - PUBLICATION, DISTRIBUTION, ETC. (IMPRINT)
Name of publisher Pocket Books
260 ## - PUBLICATION, DISTRIBUTION, ETC. (IMPRINT)
Year of publication 2007
300 ## - PHYSICAL DESCRIPTION
Number of Pages 535 p
650 ## - SUBJECT ADDED ENTRY--TOPICAL TERM
Topical Term Literature
942 ## - ADDED ENTRY ELEMENTS (KOHA)
Koha item type Books
Holdings
Withdrawn status Lost status Source of classification or shelving scheme Damaged status Not for loan Permanent Location Current Location Date acquired Accession Number Price effective from Koha item type
    Library of Congress Classification     NILE UNIVERSITY OF NIGERIA - MAIN LIBRARY NILE UNIVERSITY OF NIGERIA - MAIN LIBRARY 04/23/2025 0005954 04/23/2025 Books